00630 2200205 4500001002100000005001500021035002000036007000300056008004100059020002200100082001000122084001600132100002400148245010900172250000600281260003800287300005600325650002700381990001600408INLIS00000000000379520251006100523 a0010-1025000071ta251006 g 0 ind  a978-623-6935-02-6 a305.3 a305.3 ARI k0 aArif Jauhar Tontowi1 aKajian Gender Dalam Konteks Ekonomi dan Politik /cArif Jauhar Tontowi (Penulis); Uni W. Sagena (Editor) a- aSurabaya :bPena Salsabila,c2020 axiv; 132 Halaman :bIlustrasi; teks; tabel ;c20 cm 4aJenis Kelamin (Gender) a00000005152